000
00227nam a2200097Ia 4500
008
230915s9999 xx 000 0 und d
050
_a
HF5635.W37 2002
100
_a
CARL S.WARREN
245
0
_a
FINANCIAL ACCOUNTING
942
_c
BK
999
_c
82483
_d
82483